000 00667nam a22002052 4500
001 0000023800
005 20151217155913.0
008 130326s xx 000 0 eng d
020 _a9966211200 :
040 _aKABU
_cKABU
100 1 _aMiceka, Benedict R.
_@0000183518
245 1 0 _aGuide to self-health management :
_bnatural foods, herbs, spices and alternative cures /
_cBenedict R. Miceka.
250 _a1st ed.
260 _aNairobi :
_bBaraka Herbs & Nutrition,
_c2012.
300 _avi, 218 p.
650 0 _aAlternative medicine.
_@0000155756
852 1 _9p500 KES
908 _a130326
950 _@1
999 _c13879
_d13879